| 000 | 00466cam a2200181ua 4500 | ||
|---|---|---|---|
| 020 | _c3.50 | ||
| 041 |
_amal _h |
||
| 082 |
_a894.812308 _bSHO/UZ |
||
| 100 | _aSholokhov, Maikhail . | ||
| 245 |
_aUzhuthu maricha puthumannu - Part- 1 / _cMaikhail Sholokhov. _hTextual Documents |
||
| 250 |
_a1 / _b. |
||
| 260 |
_aErnamkulam : _bC I C C book house , _c1963. |
||
| 300 | _a320 ; . | ||
| 365 | _a3.50 | ||
| 504 | _a | ||
| 942 | _cBK | ||
| 999 |
_c4013 _d4013 |
||